000 00576nam a2200229Ia 4500
003 OSt
005 20221005122849.0
006 a|||||r|||| 00| 0
007 ta
008 221004b |||||||| |||| 00| 0 mal d
024 _a51148
037 _cTextual
040 _aCRL
_cCRL
_bmal
041 _2mal
_amal
082 _aO32,3N33x, 31K7
100 _aBalakrishnan
_9632748
245 0 _aKattu yanai
260 _c1967
650 _aMALAYALAM LITERATURE
_938866
942 _hO32,3N33x, 31K7
_cTEXL
_2cc
999 _c1045651
_d1045651